15 busiest airports in the usa in 2020 - Statistics

General Stats
  • This quiz has been taken 101 times
  • The average score is 12 of 15
Answer Stats
Hint Answer % Correct
ALT atlanta
98%
LAX los angeles
98%
DEN denver
94%
SEA seattle
92%
MIA miami
91%
PHX phoenix
91%
DFW dallas/fort worth
89%
SFO san francisco
89%
LAS las vegas
85%
JFK john f. kennedy
84%
MCO orlando
84%
ORD o'hare
70%
EWR newark
69%
CLT charlotte
55%
IAH george bush
34%
No matching quizzes found
Score Distribution
Percent of People with Each Score
Percentile by Number Answered
Your Score History
You have not taken this quiz